Word Ladder: Headless Solar System Quiz Stats

 Plays Quiz Updated Jun 4, 2018

Challenge
Share
Tweet
Embed
Score 0/14 Timer 04:00
0 Plays Today
Hint Answer % Correct
ICKEY'S ARTOON ET OGLUTO
83.3%
OMAN ODDESS F OVEENUS
65.2%
OZART'S AS AGICLUTE
63%
IBLICAL IFE F BRAHAMARAH
55.6%
LAINE'S URNAME N 'EINFELD'ENES
55.6%
HORT HICK UBULAR ASTAENNE
55.3%
OCATION OR ONCERTENUE
55.2%
Hint Answer % Correct
TART RESH ITH LEAN NELATE
40.9%
'ONEYBALL' ASEBALL NNOVATOR ILLYEANE
38.2%
HREE ON-OLINEAR OINTS ETERMINE HISLANE
31%
OMAN ODDESS F ERTILITYERES
30.1%
OIL R IRT OR ROWINGARTH
27.8%
NCIENT EBREW NIT F EIGHTERAH
15.8%
ORMER ASEBALL ITCHER OSÉERAS
12.3%

Today's Daily Dose

Missing Word
Hayao Miyazaki

Word Ladder
Florida

On This Day
December 13th II

You're not logged in!

Compare scores with friends on all Sporcle quizzes.
OR
Log In

You Might Also Like...

Show Comments

Extras

Top Quizzes Today


Score Distribution

Your Account Isn't Verified!

In order to create a playlist on Sporcle, you need to verify the email address you used during registration. Go to your Sporcle Settings to finish the process.

Report this User

Report this user for behavior that violates our Community Guidelines.

Details: